| 000 | 00669nam a2200229Ia 4500 | ||
|---|---|---|---|
| 008 | 191130s1997##################000#0#eng## | ||
| 020 | _a9780521597135 | ||
| 022 | _a96046106 | ||
| 040 |
_aACL _cACL |
||
| 082 | _a330.17 BAR | ||
| 100 | _aBarzel, Yoram | ||
| 245 |
_aEconomic analysis of property rights _cYoram Barzel |
||
| 250 | _a2nd ed | ||
| 260 |
_aCambridge _bCambridge University Press _cc1997 |
||
| 300 | _axi, 161 p. : ill. ; 24 cm | ||
| 500 | _aIncludes bibliographical references (p. 154-157) and index | ||
| 650 | _aProperty | ||
| 650 | _aRight of property | ||
| 990 | _a32fad39aac10000c2c434309a4b9467a | ||
| 991 | _a151202 | ||
| 999 |
_c156006 _d156006 |
||